000 00778cam a22002413a 4500
001 282
003 PGUSA
005 20140828082946.0
008 950601s1995||||xxu|||||s|||||000 | eng d
040 _aPGUSA
_beng
042 _adc
050 4 _aDS
100 1 _aKinglake, Alexander William,
_d1809-1891
245 1 0 _aEothen; Or, Traces of Travel Brought Home from the East
_h[electronic resource] /
_cAlexander William Kinglake
260 _bProject Gutenberg,
_c1995
506 _aPublic domain in the USA.
516 _aElectronic text
653 _aKinglake, Alexander William, 1809-1891 -- Travel -- Middle East
653 _aMiddle East -- Description and travel
830 0 _aProject Gutenberg
_v282
856 4 0 _uhttp://www.gutenberg.org/ebooks/282
942 _cEB
999 _c229633
_d229633